Catàleg del Col·legi de Periodistes de Catalunya

Reunir, hablar y persuadir / (Registre núm. 7853)

000 -CABECERA
Longitud fija campo de control 00791nam a2200289 a 4500
001 - NÚMERO DE CONTROL
Número de control 991024147239706706
003 - IDENTIFICADOR DEL NÚMERO DE CONTROL
Identificador del número de control OSt
005 - FECHA Y HORA DE LA ÚLTIMA TRANSACCIÓN
Fecha y hora de la última transacción 20240207100437.0
008 - CÓDIGOS DE INFORMACIÓN DE LONGITUD FIJA
Códigos de información de longitud fija 901001s1973 sp |||||| 000 ||spa|c
017 ## - NÚMERO DE COPYRIGHT O DE DEPÓSITO LEGAL
Número de copyright o de depósito legal DL BI. 1974-1973
020 ## - NÚMERO INTERNACIONAL NORMALIZADO PARA LIBROS
Número Internacional Normalizado para Libros (ISBN) 8423401766
035 ## - NÚMERO DE CONTROL DEL SISTEMA
Número de control del sistema (ES-BaCBU).b16239945
035 ## - NÚMERO DE CONTROL DEL SISTEMA
Número de control del sistema (OCoLC)803209446
040 ## - FUENTE DE LA CATALOGACIÓN
Centro catalogador de origen ES-BaCBU
Lengua de catalogación cat
Centro transcriptor CDMR
080 ## - NÚMERO DE LA CLASIFICACIÓN DECIMAL UNIVERSAL
Número de la Clasificación Decimal Universal 316.35
100 1# - PUNTO DE ACCESO PRINCIPAL-NOMBRE DE PERSONA
Nombre de persona Riccardi, Riccardo
9 (RLIN) 770
245 10 - MENCIÓN DE TÍTULO
Título Reunir, hablar y persuadir /
Mención de responsabilidad, etc. por Riccardo Riccardi
250 ## - MENCIÓN DE EDICIÓN
Mención de edición 4a ed
260 ## - PUBLICACIÓN, DISTRIBUCIÓN, ETC. (PIE DE IMPRENTA)
Lugar de publicación, distribución, etc. Bilbao :
Nombre del editor, distribuidor, etc. Deusto,
Fecha de publicación, distribución, etc. 1973
300 ## - DESCRIPCIÓN FÍSICA
Extensión 247 p. :
Otras características físicas gràf. ;
Dimensiones 24 cm
650 #7 - PUNTO DE ACCESO ADICIONAL DE MATERIA - TÉRMINO DE MATERIA
Término de materia o nombre geográfico como elemento inicial Reunions
650 #0 - PUNTO DE ACCESO ADICIONAL DE MATERIA - TÉRMINO DE MATERIA
Término de materia o nombre geográfico como elemento inicial Oratòria
9 (RLIN) 3131
650 #7 - PUNTO DE ACCESO ADICIONAL DE MATERIA - TÉRMINO DE MATERIA
Término de materia o nombre geográfico como elemento inicial Lideratge
907 ## - ELEMENTO G DATOS LOCALES, GDL (RLIN)
a .b16239945
b 15-06-21
c 07-05-08
d 01-10-90
e m
f a
g -
h spa
i sp
j 0
k 1
908 ## - CONTROL DE PARÁMETROS (RLIN)
Parametro de comando lanzado UB
942 ## - ENTRADA DE ELEMENTOS AGREGADOS (KOHA)
Fuente de clasificaión o esquema
Koha [por defecto] tipo de item Monografies
Fons
Suprimido Perdido Estropeado No para préstamo Localización permanente Localización actual Fecha adquisición Fuente de adquisición Coste, precio normal de compra Signatura completa Código de barras Fecha última consulta Fecha del precio de reemplazo Tipo de item de Koha
      No per a préstec Centre de Documentació Montserrat Roig Centre de Documentació Montserrat Roig 2024-02-07 Donació 10.00 Cc 4/25 CDMR24020003 2024-02-07 2024-02-07 Monografies

Implantat amb Koha